000 00828nam a2200241Ia 4500
003 OSt
005 20260211125942.0
008 220923b |||||||| |||| 00| 0 eng d
020 _a9781138268302
037 _cGeneral Book
040 _aRTL
_cRTL
_beng
041 _2eng
_aeng
084 _aY:45114:(S), Q1
_qRTL
100 _aBuettner Angi
_9324493
245 0 _aHolocaust images picturing catastrophe: the cultural politics of seeing
260 _aNew York
_bRoutledge
_c2016
300 _avi,200p.
_bIncludes bibliographical references and index
490 _aPalgrave Advances in Regional and Urban Economics
500 _aBibliography: p 207-233
650 _aSociology
_91115193
942 _hY:45114:(S), Q1
_cGB
_2CC
_n0
999 _c634296
_d634296